|
|
|
|
| LEADER |
00000nam0a2200000 4500 |
| 001 |
31661 |
| 005 |
20231030204542.0 |
| 035 |
|
|
|a (RuTPU)RU\TPU\book\31952
|
| 035 |
|
|
|a BOOK00000031
|
| 090 |
|
|
|a 31661
|
| 100 |
|
|
|a 20011210d1964 m y0rusy50 ca
|
| 101 |
0 |
|
|a rus
|
| 102 |
|
|
|a RU
|
| 105 |
|
|
|a y j 000zy
|
| 200 |
1 |
|
|a Руководство к лабораторным занятиям по петрографии осадочных пород
|e учебное пособие
|f В. Т. Фролов
|
| 210 |
|
|
|a Москва
|c Изд-во МГУ
|d 1964
|
| 215 |
|
|
|a 310 с.
|c ил.
|
| 610 |
1 |
|
|a литология
|
| 610 |
1 |
|
|a геология
|
| 610 |
1 |
|
|a география
|
| 610 |
1 |
|
|a почвоведение
|
| 610 |
1 |
|
|a петрография
|
| 610 |
1 |
|
|a осадочные породы
|
| 610 |
1 |
|
|a генезис
|
| 610 |
1 |
|
|a учебные пособия
|
| 675 |
|
|
|a 552.5(076.5)
|v 3
|
| 700 |
|
1 |
|a Фролов
|b В. Т.
|g Владимир Тихонович
|
| 801 |
|
0 |
|a RU
|b 63413507
|c 20011210
|g PSBO
|
| 801 |
|
2 |
|a RU
|b 63413507
|c 20190708
|g PSBO
|
| 900 |
|
|
|a Исследование кернового материала нефтегазовых скважин
|
| 942 |
|
|
|c BK
|